Introduction of Islamic Laws; Address to the Nation (Record no. 9200)
[ view plain ]
| 000 -LEADER | |
|---|---|
| fixed length control field | 00628nam a2200241 a 4500 |
| 020 ## - INTERNATIONAL STANDARD BOOK NUMBER | |
| ISBN | |
| 082 00 - DEWEY DECIMAL CLASSIFICATION NUMBER | |
| Classification number | 340.5905491 |
| Author Cutter | ZIA |
| 100 ## - MAIN ENTRY--AUTHOR NAME | |
| Author name | Zia-Ul-Haq, Mohd |
| 245 ## - TITLE STATEMENT | |
| Title | Introduction of Islamic Laws; Address to the Nation |
| 260 ## - PUBLICATION, DISTRIBUTION, ETC. (IMPRINT) | |
| Place of publication | Pakistan, Islamabad |
| Name of publisher | Ministry of Information |
| Year of publication | 1979 |
| 300 ## - PHYSICAL DESCRIPTION | |
| Number of Pages | 77p |
| 500 ## - GENERAL NOTE | |
| General note | includes index and biblioraphy |
| 505 2# - FORMATTED CONTENTS NOTE | |
| Formatted contents note | Index. |
| 650 ## - SUBJECT ADDED ENTRY--TOPICAL TERM | |
| Topical Term | Islamic-Law Pakistan |
| 942 ## - ADDED ENTRY ELEMENTS (KOHA) | |
| Koha item type | Books |
| 700 1# - | |
| -- | Zia-Ul-Haq, Mohd |
| Collection code | Home library | Current library | Date acquired | Cost, normal purchase price | Full call number | Accession Number | Koha item type |
|---|---|---|---|---|---|---|---|
| Henry Martyn Institute Library | Henry Martyn Institute Library | 06/04/2007 | 100.00 | 340.5905491 ZIA | 012090 | Books |
